|
|
|
|
| LEADER |
01378nam a2200313 a 4500 |
| 001 |
39505 |
| 003 |
BD-DhAAL |
| 005 |
20230122174811.0 |
| 008 |
220928t1992 dcu b i100 0 eng d |
| 010 |
|
|
|a 92016996
|
| 020 |
|
|
|a 1557751420 (v. 1) :
|c $42.50
|
| 040 |
|
|
|a DLC
|c DLC
|d DLC
|d BD-DhAAL
|
| 082 |
0 |
0 |
|a 346.08211
|
| 245 |
0 |
0 |
|a Current legal issues affecting central banks,
|n volume 1 /
|c edited by Robert C. Effros.
|
| 260 |
|
|
|a Washington, D.C. :
|b International Monetary Fund,
|c c1992.
|
| 300 |
|
|
|a xvi, 642 pages ;
|c 23 cm.
|
| 362 |
|
|
|a Vol. 1
|
| 500 |
|
|
|a Papers from a 1988 seminar for general counsels of central banks sponsored by the Legal Department of the IMF in conjunction with the IMF Institute.
|
| 504 |
|
|
|a Includes bibliographical references.
|
| 541 |
|
|
|a Donated By Akbar Ali Khan
|e 39505
|
| 650 |
|
0 |
|a Banks and banking, Central
|x Law and legislation
|x Congresses.
|9 51712
|
| 650 |
|
0 |
|a Banking law
|x Congresses.
|9 51713
|
| 700 |
1 |
|
|a Effros, Robert C.
|9 51714
|
| 710 |
2 |
|
|a International Monetary Fund.
|b Legal Department.
|9 51715
|
| 710 |
2 |
|
|a IMF Institute.
|9 51716
|
| 852 |
|
|
|a Ayesha Abed Library
|c Akbar Ali Khan Collection
|
| 942 |
|
|
|2 ddc
|c BK
|
| 999 |
|
|
|c 44933
|d 44933
|
| 952 |
|
|
|0 0
|1 0
|2 ddc
|4 0
|6 346_082110000000000_CUR
|7 1
|9 71907
|a BRACUL
|b BRACUL
|c AAKC
|d 2022-09-28
|e Donated by Akbar Ali Khan
|l 0
|o 346.08211 CUR
|p 3010039505
|r 2022-09-28
|t 1
|w 2022-09-28
|y BK
|